Amori

Guardat en:
Dades bibliogràfiques
Autor principal: Jacques Pr'vet
Format: Llibre
Idioma:idioma desconegut
Publicat: Tea
Etiquetes: Afegir etiqueta
Sense etiquetes, Sigues el primer a etiquetar aquest registre!

MARC

LEADER 00000nam a2200000Ia 4500
001 R-353
003 CODICE-MESSINA
005 20260212102450.0
008 260211s9999 xx 000 0 und d
040 |c importazione_messina 
100 |a Jacques Pr'vet 
245 0 |a Amori 
260 |b Tea 
942 |2 ddc  |c BK 
952 |0 0  |1 0  |2 ddc  |4 0  |6 SCAFFALE_2_000000000000000__POESIA  |7 0  |9 31175  |a ME  |b ME  |d 2026-02-11  |l 0  |o SCAFFALE 2 - POESIA  |p R-353  |r 2026-02-11 23:52:23  |w 2026-02-11  |x [REVISIONARE]  |y BK 
999 |c 26837  |d 26837